000 00267nam a2200097Ia 4500
001 1206830
005 20251017101414.0
008 250824s9999 xx 000 0 und d
245 0 _aŞIPSEVDİ
_cHÜSEYİN RAHMİ GÜRPINAR
260 _bBİLGE KÜLTÜR SANAT YAYINLARI
999 _c1206830
_d1206830